000 00890nas a2200289 4500
001 BR0800070
003 BR-BrBNA
005 20231205111429.0
007 ta
008 230509b bl.|||p| |||| 00| 00por d
040 _aBR-BrBNA
_bpor
_cBiblioteca Nacional de Agricultura
041 _a(Pt)
072 _aL70
100 1 _aBarbieri, A.W.
100 1 _aHeadley, S.A.
100 1 _aMaciel, A.P.
100 1 _aMoreno, G.A.
100 1 _aRodrigues, L.H.
100 1 _aBicalho, W.B.
100 1 _aSilva, W.R. da
245 1 _aIntoxicação experimental por Lantana spp. em coelhos
_b7 Jornada de Medicina Veterinária
650 _aCOELHO
650 _aINTOXICAÇÃO
773 0 _tArquivos de Ciências Veterinárias e Zoologia da UNIPAR (Brazil)
_xISSN 1415-8167
_g(Jul-Dec 2002), v. 5(2) p. 306
_wBR0800070
909 _a202311
_bLúcia
_c55
_dLúcia Elande
942 _2AGRIS
_n0
_cANA
999 _c192678
_d192678